000 00646nam a22002537a 4500
003 UA-OsUOA
001 56284
007 ta
008 20081013b un ||||| |||| 00| 0 ukr d
100 _aАнтонович Б.В.
090 _a94 (477) 04
_bА72
942 _cBK
040 _aUA-OsUOA
_bukr
_cUA-OsUOA
_dUA-OsUOA
245 _aПро козацькі часи
300 _a238 с.
955 _a2
041 _aukr
080 _a94 (477) 04
020 _a5-308-01400-0
260 _aК.
_bДніпро
_c1991
250 _nТретє
650 7 _a9 Географія. Біографії. Історія
_2UDC
999 _c342367
_d342367